000 00923cab a2200277 4500
001 ABS55609
008 090401t1996 xxu||||| |||| 00| 0 eng d
035 _a(Sirsi) u17552
041 _aeng
100 _aRowland, P.
245 _aComparing net with gross rents
260 _c1996
350 _a0
490 _aJournal of Property Valuation and Investment
_v14(3) 1996, 20-32(13)
520 _aIn some circumstances, property valuers must compare net and gross rents. Suggests a number of ways in which this can be done and describes the difficulties of adjusting rents to reflect liability for property operating costs.
650 _aCOMMERCIAL LEASES
650 _aGROSS VALUE
650 _aLANDLORD AND TENANT
_96252
650 _aNET RENTS
650 _aNET VALUE
650 _aPROPERTY MARKET
650 _aValuation
_96273
690 _aRATING AND VALUATION
942 _n0
948 _c04/03/1997
999 _c11639
_d11639